<?xml version="1.0" encoding="UTF-8"?>
<marc:record xmlns:marc="http://www.loc.gov/MARC21/slim">
   <marc:leader>00000nam a2200000 a 4500</marc:leader>
   <marc:datafield ind1="1" ind2=" " tag="100">
      <marc:subfield code="a">Hilmes, Oliver</marc:subfield>
      <marc:subfield code="4">aut</marc:subfield>
      <marc:subfield code="e">Verfasser/-in</marc:subfield>
   </marc:datafield>
   <marc:datafield ind1=" " ind2=" " tag="653">
      <marc:subfield code="a">Komponist</marc:subfield>
   </marc:datafield>
   <marc:datafield ind1=" " ind2=" " tag="653">
      <marc:subfield code="a">Biographie</marc:subfield>
   </marc:datafield>
   <marc:datafield ind1=" " ind2=" " tag="653">
      <marc:subfield code="a">Wagner</marc:subfield>
   </marc:datafield>
   <marc:datafield ind1=" " ind2=" " tag="653">
      <marc:subfield code="a">Richard</marc:subfield>
   </marc:datafield>
   <marc:datafield ind1=" " ind2=" " tag="653">
      <marc:subfield code="a">Deutschland</marc:subfield>
   </marc:datafield>
   <marc:datafield ind1=" " ind2=" " tag="653">
      <marc:subfield code="a">Musik</marc:subfield>
   </marc:datafield>
   <marc:datafield ind1="0" ind2="0" tag="245">
      <marc:subfield code="a">Herrin des Hügels</marc:subfield>
   </marc:datafield>
   <marc:datafield ind1="0" ind2="0" tag="245">
      <marc:subfield code="b">Das Leben der Cosima Wagner</marc:subfield>
   </marc:datafield>
   <marc:datafield ind1="0" ind2="0" tag="245">
      <marc:subfield code="c">Oliver Hilmes</marc:subfield>
   </marc:datafield>
   <marc:datafield ind1=" " ind2="1" tag="264">
      <marc:subfield code="a">Berlin</marc:subfield>
      <marc:subfield code="b">Severin und Siedler</marc:subfield>
      <marc:subfield code="c">2007</marc:subfield>
   </marc:datafield>
   <marc:datafield ind1=" " ind2=" " tag="250">
      <marc:subfield code="a">1. Aufl.</marc:subfield>
   </marc:datafield>
   <marc:datafield ind1="1" ind2=" " tag="520">
      <marc:subfield code="a">Auf der Basis neuer Quellen zeichnet der Autor das widersprüchliche Leben der Liszt-Tochter nach (1837-1930), die sich als Hüterin des musikalischen Erbes ihres Mannes Richard Wagner verstand und nach seinem Tod (1833) die Bayreuther Festspielleitung übernahm. Nach der sehr ansprechenden Alma-Mahler-Biografie ("Witwe im Wahn", BA 8/04) nunmehr das Leben der Cosima Wagner (1837-1930), die sich lebenslang uneingeschränkt als Hüterin des musikalischen Erbes ihres Mannes Richard Wagner verstand. Sie war die Tochter von Franz Liszt und lebte nach der unglücklichen Ehe mit ihrem 1. Mann Hans von Bülow geradezu auf, als sie nach Wagners Tod (1883) die Bayreuther Festspielleitung übernahm und mit ihren Fähigkeiten dazu beitrug, dass Bayreuth bis heute internationales Renommee zu eigen ist. Die quellengestützte Biografie beleuchtet ein außergewöhnliches, langes Frauenleben, dessen (politische) Kritikpunkte klar herausgearbeitet werden. Das Deutsch-Vaterländische steht im Zentrum, später schimmert die "Hybris des Hakenkreuzes" bereits durch.</marc:subfield>
   </marc:datafield>
   <marc:datafield ind1=" " ind2=" " tag="020">
      <marc:subfield code="a">9783886808366</marc:subfield>
      <marc:subfield code="9">9783886808366</marc:subfield>
   </marc:datafield>
   <marc:datafield ind1=" " ind2=" " tag="020">
      <marc:subfield code="a">388680836X</marc:subfield>
      <marc:subfield code="9">388680836X</marc:subfield>
   </marc:datafield>
   <marc:datafield ind1=" " ind2=" " tag="300">
      <marc:subfield code="a">493 S.</marc:subfield>
   </marc:datafield>
</marc:record>
